000 00501nam a2200157Ia 4500
005 20250201101153.0
008 231217s9999 xx 000 0 und d
020 _a9788132106357
082 _a658.4012 BIJ;1 R
100 _aBijapurkar, Rama.
245 0 _aCustomer in the boardroom? : crafting customer-based business strategy
260 _c2012
_bSage Publication
_aNew Delhi
300 _axxii, 232 p.
650 _aCustomer,boardroom?,crafting,customer-based,business,strategy
942 _cAA
999 _c193727
_d193727